Normal view
MARC view
Entry Personal Name
001 - CONTROL NUMBER
- control field: 14667
003 - CONTROL NUMBER IDENTIFIER
- control field: OSt
005 - DATE AND TIME OF LATEST TRANSACTION
- control field: 20210903142953.0
008 - FIXED-LENGTH DATA ELEMENTS
- fixed length control field: 210903|| aca||aabn | a|a d
040 ## - CATALOGING SOURCE
- Original cataloging agency: OSt
- Transcribing agency: OSt
100 ## - HEADING--PERSONAL NAME
- Personal name: Jones, T. B.
- Fuller form of name: (Thomas Byron),
- Dates associated with a name: 1944-
670 ## - SOURCE DATA FOUND
- Source citation: Work cat.: (OSt)0: Jones, T. B. (Thomas Byron), 1944-, Electromechanics of particles /, 1995.
